000246213 001__ 246213
000246213 005__ 20230317223043.0
000246213 037__ $$aGSI-2022-00435
000246213 041__ $$aGerman
000246213 082__ $$a530
000246213 1001_ $$0P:(DE-HGF)0$$aPretz, J.$$b0$$eCorresponding author
000246213 245__ $$aAnomale Abweichung
000246213 260__ $$aWeinheim$$bWiley-VCH$$c2021
000246213 3367_ $$2DRIVER$$aarticle
000246213 3367_ $$2DataCite$$aOutput Types/Journal article
000246213 3367_ $$0PUB:(DE-HGF)16$$2PUB:(DE-HGF)$$aJournal Article$$bjournal$$mjournal$$s1646137075_7493
000246213 3367_ $$2BibTeX$$aARTICLE
000246213 3367_ $$2ORCID$$aJOURNAL_ARTICLE
000246213 3367_ $$00$$2EndNote$$aJournal Article
000246213 536__ $$0G:(DE-HGF)POF4-899$$a899 - ohne Topic (POF4-899)$$cPOF4-899$$fPOF IV$$x0
000246213 693__ $$0EXP:(DE-Ds200)External_experiment-20200803$$1EXP:(DE-Ds200)other-20200803$$5EXP:(DE-Ds200)External_experiment-20200803$$aother$$eExternal experiment at external facility/ no experiment at GSI (POF3; other)$$x0
000246213 773__ $$0PERI:(DE-600)2057256-6$$n6$$p16-17$$tPhysik-Journal$$v20$$x1617-9439$$y2021
000246213 909CO $$ooai:repository.gsi.de:246213$$pVDB
000246213 9131_ $$0G:(DE-HGF)POF4-899$$1G:(DE-HGF)POF4-890$$2G:(DE-HGF)POF4-800$$3G:(DE-HGF)POF4$$4G:(DE-HGF)POF$$aDE-HGF$$bProgrammungebundene Forschung$$lohne Programm$$vohne Topic$$x0
000246213 915__ $$0StatID:(DE-HGF)0300$$2StatID$$aDBCoverage$$bMedline$$d2020-09-08
000246213 915__ $$0StatID:(DE-HGF)0600$$2StatID$$aDBCoverage$$bEbsco Academic Search$$d2020-09-08
000246213 915__ $$0StatID:(DE-HGF)0030$$2StatID$$aPeer Review$$bASC$$d2020-09-08
000246213 9141_ $$y2021
000246213 920__ $$lyes
000246213 9201_ $$0I:(DE-588b)5008462-8$$kFZJ$$lForschungszentrum Jülich$$x0
000246213 980__ $$ajournal
000246213 980__ $$aVDB
000246213 980__ $$aI:(DE-588b)5008462-8
000246213 980__ $$aUNRESTRICTED